000 00812nam a2200265 i 4500
001 C2-0334755
003 PPAK
005 20180728134459.0
008 151119s2015 my a|||| ||||| | eng d
020 _a9789670880020
040 _aPPAK
_beng
_cPPAK
_erda
082 0 4 _a297.18
_223
090 0 0 _a297.18
_bKAU
_dK
100 0 _aAl-Kautsar bin Hidzir,
_eauthor
245 1 4 _aThe stories told by the Prophet SAW
264 1 _aHulu Selangor, Selangor :
_bDarul Mughni Trading ,
_c2015
300 _a178 pages :
_bcolour illustrations ;
_c25 cm
336 _2rdacontent
_atext
337 _2rdamedia
_aunmediated
338 _2rdacarrier
_avolume
500 _aOriginal title : Rasulullah SAW Pernah Bercerita.
650 1 0 _aQur'an stories ; Islamic stories, Malay
700 _eauthor
942 _ddc
_cB
999 _c133183
_d133183